| 000 | 00620nam a2200205 a 4500 | ||
|---|---|---|---|
| 001 | 000019202 | ||
| 005 | 20200929165941.0 | ||
| 008 | 100528s1995 sp 000 p spa d | ||
| 020 | _a9879077199 | ||
| 040 |
_aDO-SdBNP _bspa _cBNPHU |
||
| 082 |
_aA861.44 _bL523n |
||
| 100 | 1 |
_aLehmann, Mónica, _941316 |
|
| 245 | 1 | 3 | _aLa noche entera / Mónica Lehmann ; prólogo Sebastián González. |
| 260 |
_aCórdoba : _bArgos, _c1995. |
||
| 300 |
_a88 p. ; _c22 cm. |
||
| 650 | 4 |
_aPoesía argentina _93859 |
|
| 650 | 4 |
_aLiteratura argentina _ySIGLO XX _914711 |
|
| 700 | 1 |
_aGonzález, Sebastián _epról. _941317 |
|
| 049 | _aBNGR | ||
| 999 |
_c18720 _d18720 |
||